Ceny a cenová politika podniku bakalárska práca

Guardado en:
Detalles Bibliográficos
Autor principal: Šinská, Magdaléna
Formato: Libro
Lenguaje:eslovaco
Publicado: Bratislava bakalárska práca Magdaléna Šinská
Acceso en línea:Ver en el OPAC
Etiquetas: Agregar Etiqueta
Sin Etiquetas, Sea el primero en etiquetar este registro!

MARC

LEADER 00000nam a2200000 a 4500
005 20260127134207.0
008 141016 2014 000 0 slo d
035 |a vtls010628631 
039 9 |y 201410161336  |z mschk03 
040 |a STUSCHK1  |b slo  |c STUSCHK1  |e AACR2 
100 1 |a Šinská, Magdaléna 
245 1 |a Ceny a cenová politika podniku  |b bakalárska práca  |c Magdaléna Šinská 
260 |a Bratislava  |b bakalárska práca  |c Magdaléna Šinská 
300 |a 42 s.  |b il.  |c 30 cm 
500 |a Obhájené: 16.07.2014 
500 |a Štud. program: automatizácia, informatizácia a manažment v chémii a potravinárstve 
500 |a Štud. odbor: automatizácia, priemyselné inžinierstvo 
500 |a Školiace pracovisko: Odd. manažmentu chemických a potravinárskych technológií 
500 |a Evid.číslo: FCHPT-5415-44274 
910 |a SCHK95 
999 |c 6344  |d 6344